| 000 | 00383nam a2200157Ia 4500 | ||
|---|---|---|---|
| 003 | 0STCL | ||
| 008 | 150530s9999 xx 000 0 und d | ||
| 040 |
_aSTCL _cSTCL |
||
| 100 | _aInternational Cooperative Alliance | ||
| 245 | _aCooperation in the European market economics | ||
| 260 | _c1967 | ||
| 546 | _aEnglish | ||
| 942 |
_2ddc _cBK |
||
| 999 |
_c8844 _d8844 |
||
| 005 | 20220125165517.0 | ||